[Event "32. Offene Senioren-LEM Sachsen-Anh. 65"]
[Site "Magdeburg, Germany"]
[Date "2024.07.02"]
[Round "2.5"]
[White "Lehr, Thomas"]
[Black "Babrikowski, Peter"]
[Result "0-1"]
[WhiteElo "1954"]
[BlackElo "2129"]
[PlyCount "46"]
[EventDate "2024.??.??"]

1. e4 c6 2. d4 d5 3. e5 g6 4. c4 Bg7 5. Nc3 dxc4 6. Bxc4 Nh6 7. Bxh6 Bxh6 8. h4
b5 9. Bb3 a5 10. e6 Bxe6 11. Bxe6 fxe6 12. Nf3 b4 13. Na4 Qd5 14. Qe2 Nd7 15.
b3 O-O 16. Rd1 Rf4 17. Kf1 Re4 18. Qd3 Rd8 19. Rh3 Rg4 20. Nb2 Nf6 21. Nc4 Nh5
22. g3 Bg7 23. Ne3 Qxf3 0-1

[Event "32. Offene Senioren-LEM Sachsen-Anh. 65"]
[Site "Magdeburg, Germany"]
[Date "2024.07.02"]
[Round "2.7"]
[White "Schmidt, Gerhard"]
[Black "Bregler, Herbert"]
[Result "0-1"]
[WhiteElo "2112"]
[BlackElo "1952"]
[PlyCount "78"]
[EventDate "2024.??.??"]

1. d4 Nf6 2. Nf3 e6 3. c4 d5 4. Nc3 Be7 5. Bg5 h6 6. Bxf6 Bxf6 7. e3 O-O 8. b4
a5 9. b5 c5 10. bxc6 Nxc6 11. cxd5 exd5 12. Qb3 a4 13. Qb2 Re8 14. Be2 Qa5 15.
O-O Bf5 16. Bb5 a3 17. Qb3 Be4 18. Nxd5 Bxd5 19. Qxd5 Nb4 20. Qb3 Qxb5 21. Rab1
Be7 22. Rfc1 Qd5 23. Rc4 Nc6 24. Qd3 b5 25. Rcc1 Nb4 26. Qe2 Nxa2 27. Rc7 b4
28. e4 Qd6 29. Rxe7 Qxe7 30. Qxa2 Qxe4 31. h3 Qe2 32. Qb3 a2 33. Ra1 Reb8 34.
Ne5 Rb7 35. Qd5 Qb5 36. Qb3 Ra3 37. Qb2 Qd5 38. Qc2 b3 39. Qc8+ Kh7 0-1

[Event "32. Offene Senioren-LEM Sachsen-Anh. 65"]
[Site "Magdeburg, Germany"]
[Date "2024.07.02"]
[Round "2.8"]
[White "Heise, Juergen"]
[Black "Leibovitch, Iziaslav"]
[Result "1/2-1/2"]
[WhiteElo "1930"]
[BlackElo "2105"]
[PlyCount "109"]
[EventDate "2024.??.??"]

1. b3 d6 2. Bb2 e5 3. e3 Nf6 4. Nf3 g6 5. d4 e4 6. Nfd2 Bg7 7. c4 O-O 8. Nc3
Re8 9. Qc2 Bf5 10. h3 h5 11. Be2 c6 12. Nf1 Qe7 13. Nd2 a5 14. a3 Nbd7 15. O-O
Nf8 16. b4 N8h7 17. Rfd1 d5 18. Qb3 Qd7 19. Bf1 Be6 20. Na4 Qd8 21. Nc5 Bc8 22.
Bc3 b6 23. Na4 Ng5 24. c5 b5 25. Nb6 a4 26. Qc2 Ra7 27. Nxc8 Qxc8 28. Be2 Bh6
29. Nf1 Kh7 30. Nh2 Qe6 31. h4 Nh3+ 32. gxh3 Qxh3 33. Be1 Qxh4 34. f4 Qh3 35.
Bf2 Rg8 36. Bf1 Qe6 37. Bh4 Ng4 38. Qe2 g5 39. fxg5 Bxg5 40. Bxg5 Rxg5 41. Bg2
f5 42. Rf1 Rag7 43. Nxg4 Rxg4 44. Ra2 Qg6 45. Qf2 Rf7 46. Kh2 Qf6 47. Bh3 Rg5
48. Qf4 Qg7 49. Rg2 Rxg2+ 50. Bxg2 Qg4 51. Bh3 Qxf4+ 52. Rxf4 Kg6 53. Kg3 Kg5
54. Bf1 Rg7 55. Bh3 1/2-1/2

[Event "32. Offene Senioren-LEM Sachsen-Anh. 65"]
[Site "Magdeburg, Germany"]
[Date "2024.07.02"]
[Round "2.12"]
[White "Waagener, Ulrich"]
[Black "Krien, Hartmut"]
[Result "1/2-1/2"]
[WhiteElo "2080"]
[BlackElo "1927"]
[PlyCount "54"]
[EventDate "2024.??.??"]

1. d4 c6 2. Nf3 d5 3. c4 e6 4. Nc3 f5 5. g3 Nf6 6. Bg2 Be7 7. O-O O-O 8. Rb1
Ne4 9. Ne5 Qb6 10. Bf4 g5 11. Nxe4 gxf4 12. Nc3 fxg3 13. hxg3 Nd7 14. c5 Qc7
15. Nd3 e5 16. dxe5 Nxc5 17. f4 Ne4 18. Kh2 Be6 19. Bh3 Kh8 20. Qc1 Rg8 21.
Nxe4 dxe4 22. Nc5 Bxc5 23. Qxc5 Rad8 24. Rbd1 Qg7 25. Qe3 Rd5 26. Rxd5 cxd5 27.
Rg1 b6 1/2-1/2

[Event "32. Offene Senioren-LEM Sachsen-Anh. 65"]
[Site "Magdeburg, Germany"]
[Date "2024.07.02"]
[Round "2.14"]
[White "Krueger, Wolfgang"]
[Black "Schmieder, Siegfried"]
[Result "1/2-1/2"]
[WhiteElo "2054"]
[BlackElo "1906"]
[PlyCount "29"]
[EventDate "2024.??.??"]

1. e4 d6 2. d4 Nf6 3. Nc3 g6 4. f4 Bg7 5. a3 O-O 6. Nf3 b6 7. Bd3 Bb7 8. O-O
Nbd7 9. Qe1 e6 10. Qh4 c5 11. dxc5 Nxc5 12. Re1 Nxd3 13. cxd3 Qc8 14. Be3 Ba6
15. Red1 1/2-1/2

[Event "32. Offene Senioren-LEM Sachsen-Anh. 65"]
[Site "Magdeburg, Germany"]
[Date "2024.07.02"]
[Round "2.17"]
[White "Lapp, Karl"]
[Black "Funke, Arnold"]
[Result "1-0"]
[WhiteElo "2005"]
[BlackElo "1902"]
[PlyCount "63"]
[EventDate "2024.??.??"]

1. e4 e6 2. d4 d5 3. Nd2 dxe4 4. Nxe4 Be7 5. Nf3 Nf6 6. Nxf6+ Bxf6 7. Bd3 O-O
8. c3 b6 9. Qc2 h6 10. Be4 c6 11. g4 Be7 12. Be3 f5 13. gxf5 exf5 14. Bd3 f4
15. Ne5 g5 16. Bc4+ Kh8 17. Ng6+ Kg7 18. Nxf8 Qxf8 19. Bd2 Bg4 20. Be2 Bf5 21.
Bd3 Bg4 22. Be4 Bh5 23. f3 Qf6 24. O-O-O Bf7 25. Rdg1 Qe6 26. h4 Qxa2 27. hxg5
Bxg5 28. Bxf4 Kf6 29. Bxg5+ hxg5 30. Qh2 Qa1+ 31. Bb1 Bg6 32. Qd6+ 1-0

[Event "32. Offene Senioren-LEM Sachsen-Anh. 65"]
[Site "Magdeburg, Germany"]
[Date "2024.07.02"]
[Round "2.18"]
[White "Manthey, Wolfgang"]
[Black "Pfitzer, Norbert"]
[Result "0-1"]
[WhiteElo "1888"]
[BlackElo "1998"]
[PlyCount "50"]
[EventDate "2024.??.??"]

1. d4 Nf6 2. Nf3 g6 3. e3 Bg7 4. Be2 O-O 5. c4 c5 6. O-O b6 7. Nc3 Nc6 8. d5
Na5 9. Bd2 d6 10. Rc1 e5 11. e4 Nh5 12. Bg5 f6 13. Bd2 Nf4 14. Bxf4 exf4 15.
Qd2 g5 16. h3 Nb7 17. Nh2 Qe8 18. Bf3 Nd8 19. Bg4 Nf7 20. Nf3 Nh6 21. Bxc8 Rxc8
22. Nh2 Qd7 23. f3 f5 24. Rfe1 Bd4+ 25. Kh1 Be3 0-1

[Event "32. Offene Senioren-LEM Sachsen-Anh. 65"]
[Site "Magdeburg, Germany"]
[Date "2024.07.02"]
[Round "2.22"]
[White "Sauter, Arthur"]
[Black "Richter, Rainer"]
[Result "0-1"]
[WhiteElo "1690"]
[BlackElo "1981"]
[PlyCount "82"]
[EventDate "2024.??.??"]

1. Nf3 c5 2. e3 Nc6 3. d4 e6 4. c4 cxd4 5. Nxd4 Bb4+ 6. Bd2 Bxd2+ 7. Qxd2 Nf6
8. Nc3 O-O 9. Ndb5 a6 10. Nd6 Qc7 11. Be2 b6 12. g4 Ne5 13. g5 Ne8 14. Nxe8
Rxe8 15. b3 Bb7 16. Rg1 Rad8 17. f4 Ng6 18. Na4 d5 19. Qb4 Rd6 20. c5 bxc5 21.
Rc1 c4 22. bxc4 d4 23. Qc5 Qd8 24. Rd1 d3 25. Qb4 e5 26. f5 Nh4 27. Kf2 Bc6 28.
c5 Rd5 29. Nc3 dxe2 30. Rxd5 Bxd5 31. Qxh4 Bc6 32. Kxe2 Qa5 33. Rc1 Qxc5 34. g6
hxg6 35. fxg6 fxg6 36. Rc2 Rf8 37. Qg4 Bb5+ 38. Kd2 Rd8+ 39. Kc1 Qxe3+ 40. Kb2
Bd7 41. Qxg6 Rb8+ 0-1

[Event "32. Offene Senioren-LEM Sachsen-Anh. 65"]
[Site "Magdeburg, Germany"]
[Date "2024.07.02"]
[Round "2.28"]
[White "Kopp, Peter"]
[Black "Huelle, Gunter"]
[Result "1-0"]
[WhiteElo "2014"]
[BlackElo "1766"]
[PlyCount "91"]
[EventDate "2024.??.??"]

1. e4 e6 2. d3 d5 3. Nd2 c5 4. Ngf3 Nc6 5. g3 Nf6 6. Bg2 dxe4 7. dxe4 Be7 8.
O-O O-O 9. Re1 e5 10. c3 Qc7 11. Bf1 h6 12. a4 Be6 13. Bc4 Bxc4 14. Nxc4 Rfd8
15. Qc2 b6 16. Nh4 Ne8 17. Ng2 Nd6 18. Nce3 Bf8 19. Nd5 Qb7 20. f3 Ne7 21. Nge3
Nxd5 22. Nxd5 c4 23. g4 f5 24. gxf5 Nxf5 25. Ne3 Nxe3 26. Bxe3 Rd7 27. Rad1
Rad8 28. b4 Qc6 29. Kf1 Rd6 30. Ke2 Qc8 31. Rxd6 Rxd6 32. Rd1 Qd7 33. Rxd6 Qxd6
34. Qd2 Kf7 35. b5 Be7 36. a5 Qxd2+ 37. Kxd2 Bd8 38. a6 g5 39. Ke2 Kg6 40. Kf2
Kh5 41. Kg2 Kg6 42. Kg3 h5 43. h3 Kg7 44. h4 gxh4+ 45. Kh3 Kg6 46. f4 1-0

[Event "32. Offene Senioren-LEM Sachsen-Anh. 65"]
[Site "Magdeburg, Germany"]
[Date "2024.07.02"]
[Round "2.29"]
[White "Roth, Heinz-Georg"]
[Black "Klettke, Wolfgang"]
[Result "0-1"]
[WhiteElo "1830"]
[BlackElo "2008"]
[PlyCount "50"]
[EventDate "2024.??.??"]

1. e4 c5 2. c3 Nf6 3. e5 Nd5 4. d4 cxd4 5. cxd4 e6 6. Nc3 Nxc3 7. bxc3 d6 8.
Nf3 Be7 9. Bd3 Nc6 10. Qc2 h6 11. O-O dxe5 12. dxe5 Qc7 13. Bf4 O-O 14. Rad1 b6
15. Qc1 h5 16. Rfe1 Bb7 17. Bg5 Rad8 18. Qf4 Rd5 19. Bf6 Bxf6 20. Qe4 Rxd3 21.
exf6 Rxd1 22. Rxd1 gxf6 23. Qh4 Ne5 24. Qxf6 Bxf3 25. gxf3 Ng6 0-1

[Event "32. Offene Senioren-LEM Sachsen-Anh. 65+"]
[Site "Magdeburg"]
[Date "2024.07.02"]
[Round "2.31"]
[White "Klimpel, Siegfried"]
[Black "Mikolajewski, Armin"]
[Result "0-1"]
[WhiteElo "1796"]
[BlackElo "1961"]
[PlyCount "80"]
[EventDate "2024.??.??"]
[WhiteTeam "TSV Kareth-Lappersdorf"]
[BlackTeam "Naumburger Sportverein 1951"]

1. e4 e5 2. Bc4 Nf6 3. d3 Be7 4. Nc3 c6 5. Nf3 d6 6. O-O O-O 7. h3 b5 8. Bb3
Nbd7 9. Be3 Bb7 10. Ne2 c5 11. Ng3 Nb6 12. a3 Qc7 13. Nf5 Bd8 14. Qd2 Ne8 15.
Bg5 c4 16. Ba2 Bc8 17. g4 Be6 18. d4 f6 19. Bh4 g6 20. Ne3 d5 21. exd5 Nxd5 22.
Bg3 Nf4 23. Bxf4 exf4 24. Ng2 Bd5 25. Nfh4 g5 26. Nf5 Nd6 27. Nxd6 Qxd6 28. f3
Re8 29. c3 Bc7 30. Rae1 Qc6 31. Bb1 Bf7 32. Be4 Bd5 33. Bb1 Rxe1 34. Rxe1 Bxf3
35. Bc2 Qd7 36. Qf2 Bd5 37. Bf5 Qd6 38. Qc2 f3 39. Bxh7+ Kh8 40. Ne3 Qg3+ 0-1

[Event "32. Offene Senioren-LEM Sachsen-Anh. 65+"]
[Site "Magdeburg"]
[Date "2024.07.02"]
[Round "2.32"]
[White "Renner, Bernd"]
[Black "Kramell, Ralph F. K"]
[Result "1-0"]
[WhiteElo "1959"]
[BlackElo "1824"]
[PlyCount "47"]
[EventDate "2024.??.??"]
[WhiteTeam "CFC Germania 03"]
[BlackTeam "SG 2011 Sennewitz"]

1. e4 c6 2. Nf3 d5 3. Nc3 Bg4 4. h3 Bxf3 5. Qxf3 e6 6. d3 d4 7. Nb1 Nd7 8. g3
Ngf6 9. Bg2 Bd6 10. O-O O-O 11. Qe2 e5 12. Nd2 b5 13. Nf3 Ne8 14. Nh4 f6 15.
Qg4 Rf7 16. f4 exf4 17. gxf4 Rc8 18. Kh1 Bb8 19. Nf5 Kh8 20. Nxd4 Ne5 21. fxe5
Qxd4 22. Qxc8 Qxe5 23. Bf4 Rc7 24. Qxb8 1-0

[Event "32. Offene Senioren-LEM Sachsen-Anh. 65+"]
[Site "Magdeburg"]
[Date "2024.07.02"]
[Round "2.33"]
[White "Heß, Jürgen"]
[Black "Bernhardt, Eduard"]
[Result "1-0"]
[WhiteElo "1958"]
[BlackElo "1717"]
[PlyCount "97"]
[EventDate "2024.??.??"]
[WhiteTeam "SG Arnstadt-Stadtilm"]
[BlackTeam "VfB Ottersleben"]

1. e4 d5 2. exd5 Qxd5 3. d4 Nc6 4. Be3 e5 5. Nc3 Qa5 6. d5 Bb4 7. dxc6 Bxc3+ 8.
bxc3 Qxc3+ 9. Bd2 Qxc6 10. Qe2 Ne7 11. Qb5 Qxb5 12. Bxb5+ c6 13. Bc4 Nd5 14.
Nf3 f6 15. O-O-O Be6 16. Bb3 a5 17. Be3 Nxe3 18. fxe3 Bxb3 19. cxb3 Ke7 20. Rd2
Rhd8 21. Rhd1 Rxd2 22. Nxd2 a4 23. Nb1 axb3 24. axb3 b5 25. Kb2 b4 26. Rc1 Kd6
27. Nd2 Kd5 28. e4+ Kd6 29. Nc4+ Kc7 30. Ne3 Rd8 31. Nd5+ Kb7 32. Nxb4 Rd4 33.
Rc4 Rd2+ 34. Rc2 Rd4 35. Nxc6 Rxe4 36. Na5+ Kb6 37. Nc4+ Ka7 38. b4 Rd4 39. Kb3
e4 40. Rd2 Rxd2 41. Nxd2 e3 42. Nf3 f5 43. Kc3 h6 44. h4 Kb6 45. Kd3 f4 46. Ke4
g5 47. hxg5 hxg5 48. Nxg5 f3 49. Nxf3 1-0

[Event "32. Offene Senioren-LEM Sachsen-Anh. 65+"]
[Site "Magdeburg"]
[Date "2024.07.02"]
[Round "2.34"]
[White "Schwis, Joachim"]
[Black "Stratmann, Alois"]
[Result "1-0"]
[WhiteElo "1950"]
[BlackElo "1705"]
[PlyCount "81"]
[EventDate "2024.??.??"]
[WhiteTeam "Ford Schachfreunde Köln"]
[BlackTeam "Schachverein Ahlen 1954"]

1. c4 Nf6 2. Nf3 e6 3. g3 c6 4. Bg2 Be7 5. O-O d5 6. b3 Nbd7 7. Bb2 Qc7 8. d4
O-O 9. Nc3 Re8 10. Rc1 b6 11. Re1 Bb7 12. Nd2 Bb4 13. e4 Bxc3 14. Rxc3 Nxe4 15.
Bxe4 dxe4 16. Nxe4 c5 17. dxc5 Bxe4 18. Rxe4 Nf6 19. cxb6 axb6 20. Rd4 Rad8 21.
Rxd8 Rxd8 22. Rd3 Rxd3 23. Qxd3 Qd7 24. Qxd7 Nxd7 25. Bd4 e5 26. Be3 f6 27. b4
Kf7 28. a4 Ke6 29. c5 bxc5 30. b5 Kd6 31. Kf1 Nb6 32. a5 Nc4 33. a6 Nb6 34. Ke2
Kd5 35. Kd3 e4+ 36. Kc3 g5 37. g4 h6 38. Kb3 Kd6 39. Bd2 Kd5 40. Ba5 Na8 41. b6
1-0

[Event "32. Offene Senioren-LEM Sachsen-Anh. 65+"]
[Site "Magdeburg"]
[Date "2024.07.02"]
[Round "2.35"]
[White "Krieg, Peter"]
[Black "Grube, Kurt"]
[Result "1-0"]
[WhiteElo "1920"]
[BlackElo "1757"]
[PlyCount "61"]
[EventDate "2024.??.??"]
[WhiteTeam "SV Einheit Schwerin"]
[BlackTeam "SG Osnabrück"]

1. e4 c5 2. Nf3 d6 3. Bc4 e6 4. c3 Qc7 5. O-O Nf6 6. Re1 Nc6 7. d4 cxd4 8. cxd4
Be7 9. Nc3 a6 10. a3 e5 11. Ba2 Bg4 12. Be3 Bxf3 13. gxf3 exd4 14. Bxd4 Nxd4
15. Qxd4 O-O 16. Rac1 Qd8 17. Kh1 Rc8 18. Rcd1 Qc7 19. Rc1 Qd8 20. Rcd1 Qc7 21.
Rg1 g6 22. Rg2 Qc5 23. Qd2 Kg7 24. Rg5 Qb6 25. Rdg1 Qa7 26. R5g3 Nd7 27. Rh3
Nf6 28. Qh6+ Kh8 29. Nd5 Nh5 30. Rxh5 gxh5 31. Qg7# 1-0

[Event "32. Offene Senioren-LEM Sachsen-Anh. 65+"]
[Site "Magdeburg"]
[Date "2024.07.02"]
[Round "2.36"]
[White "Freitag, Ingo"]
[Black "Graßmann, Heinz"]
[Result "1/2-1/2"]
[WhiteElo "1810"]
[BlackElo "1972"]
[PlyCount "106"]
[EventDate "2024.??.??"]
[WhiteTeam "VfL Kalbe/Milde"]
[BlackTeam "USC Magdeburg"]

1. e4 c5 2. c3 Nf6 3. d3 d6 4. Nf3 Nc6 5. Be2 g6 6. O-O Bg7 7. Re1 O-O 8. Nbd2
Qb6 9. h3 a5 10. a4 Nd7 11. Nc4 Qc7 12. Be3 b6 13. Rc1 Nf6 14. Na3 Na7 15. Nc4
Nc6 16. Na3 Bd7 17. Nc4 Rad8 18. Qc2 Qb7 19. Qb3 Rb8 20. Qc2 Rfc8 21. Rb1 Ne8
22. Qd2 Na7 23. Na3 Bxa4 24. Bh6 Bh8 25. Ng5 Bc6 26. Qf4 e5 27. Qg3 Qe7 28. Bg4
Bd7 29. Re3 Bxg4 30. hxg4 Bf6 31. Qh4 Bxg5 32. Bxg5 f6 33. Bh6 Nc6 34. Rh3 Rb7
35. g5 Qe6 36. gxf6 Nxf6 37. Bg5 Rf8 38. Nc4 Nh5 39. Bh6 Rff7 40. g4 Nf4 41.
Rf3 Qd7 42. Bxf4 Rxf4 43. Rxf4 exf4 44. Qg5 Ne5 45. Qxf4 Nxd3 46. Qxd6 Qxg4+
47. Kf1 Qxe4 48. Qd8+ Kg7 49. Nd6 Qf4 50. Ne8+ Kh6 51. Qxd3 g5 52. Qh3+ Kg6 53.
Qe6+ Kh5 1/2-1/2

[Event "32. Offene Senioren-LEM Sachsen-Anh. 65+"]
[Site "Magdeburg"]
[Date "2024.07.02"]
[Round "2.37"]
[White "Weigelt, Joachim"]
[Black "Kalkmann, Hans"]
[Result "0-1"]
[WhiteElo "1810"]
[BlackElo "1910"]
[PlyCount "186"]
[EventDate "2024.??.??"]
[WhiteTeam "VfB 07 Lettin"]
[BlackTeam "SC Springer St.Tönis 1949"]

1. e4 e6 2. d4 d5 3. e5 c5 4. c3 Nc6 5. Nf3 Bd7 6. Be2 Qb6 7. O-O Rc8 8. b3
Nge7 9. dxc5 Qxc5 10. Be3 Qa5 11. b4 Qc7 12. Bc5 Ng6 13. Bxf8 Nxf8 14. Re1 Ng6
15. Nbd2 O-O 16. Rc1 Ngxe5 17. Nxe5 Nxe5 18. Nb3 Ba4 19. Qd4 Nc6 20. Qg4 Bxb3
21. axb3 Rfd8 22. b5 Ne5 23. Qd4 b6 24. Bh5 Nd7 25. Re3 Nf6 26. Be2 Qc5 27. Qh4
Qa3 28. Re1 Qxb3 29. Rg3 Ne8 30. Bd3 g6 31. Bf1 Ng7 32. Rh3 h5 33. Rf3 Rd7 34.
Qf6 Qa3 35. c4 Qf8 36. cxd5 Rxd5 37. Ra1 Rc7 38. Qf4 Qc8 39. Rfa3 Rdd7 40. g3
Nf5 41. Ra4 Qd8 42. Bg2 Nd4 43. Bf1 Nb3 44. Re1 Nc5 45. Ra3 Kg7 46. Rea1 Qf6
47. Qxf6+ Kxf6 48. Bg2 e5 49. Bc6 Re7 50. Rf3+ Kg7 51. Re3 f6 52. Rae1 Kf8 53.
Rf3 Kf7 54. Bd5+ Kg7 55. Rfe3 Kf8 56. Rf3 f5 57. Rfe3 e4 58. f3 exf3 59. Bxf3
Rxe3 60. Rxe3 Re7 61. Kf2 Rxe3 62. Kxe3 Ke7 63. Kd4 Kd6 64. h3 a5 65. bxa6 Nxa6
66. g4 hxg4 67. hxg4 Nc7 68. gxf5 gxf5 69. Kc4 Ke5 70. Kd3 Ne6 71. Kc4 Kd6 72.
Kb4 Nd4 73. Bd1 f4 74. Kc4 Ke5 75. Bh5 Ke4 76. Bg4 Ke5 77. Bd1 Nf5 78. Kb5 Ne3
79. Bf3 Nd5 80. Kc4 Nc7 81. Bc6 Kd6 82. Bf3 Ne6 83. Kd3 Kc5 84. Bg4 Ng5 85. Ke2
Kd4 86. Bd7 f3+ 87. Kf2 Ke4 88. Bc6+ Kf4 89. Bb5 Ne4+ 90. Kg1 Ke3 91. Bf1 Nc3
92. Bc4 b5 93. Bf1 Ne2+ 0-1

[Event "32. Offene Senioren-LEM Sachsen-Anh. 65+"]
[Site "Magdeburg"]
[Date "2024.07.02"]
[Round "2.38"]
[White "Albert, Gerhard"]
[Black "Bausch, Jean"]
[Result "1-0"]
[WhiteElo "1888"]
[BlackElo "1804"]
[PlyCount "93"]
[EventDate "2024.??.??"]
[WhiteTeam "Hamelner SV"]
[BlackTeam "Schachclub Unterhaching"]

1. e4 Nc6 2. Nf3 d6 3. Nc3 e5 4. d4 exd4 5. Nxd4 Nge7 6. Bc4 Nxd4 7. Qxd4 Nc6
8. Qd1 g6 9. O-O Bg7 10. Bd2 O-O 11. a3 Be6 12. Be2 Qd7 13. Qc1 f5 14. Bh6 Bxh6
15. Qxh6 Qg7 16. Qc1 a6 17. Rd1 fxe4 18. Nxe4 Kh8 19. Ng5 Qf6 20. Nxe6 Qxe6 21.
Bf3 Qf6 22. Qd2 Qf4 23. Bxc6 Qxd2 24. Rxd2 bxc6 25. Re1 Rf7 26. Rde2 Kg7 27.
Re8 Ra7 28. Rb8 Kf6 29. Re3 c5 30. Reb3 Re7 31. Kf1 Ke6 32. R3b7 c6 33. Rxe7+
Kxe7 34. Ke2 d5 35. Kd3 Kd7 36. b3 Kc7 37. Rf8 Kb6 38. a4 Rb7 39. f4 Ka5 40. f5
gxf5 41. Rxf5 Kb4 42. Rf4+ Ka5 43. g4 Rb4 44. Rxb4 Kxb4 45. h4 c4+ 46. bxc4
dxc4+ 47. Kd2 1-0

[Event "32. Offene Senioren-LEM Sachsen-Anh. 65+"]
[Site "Magdeburg"]
[Date "2024.07.02"]
[Round "2.39"]
[White "Bielfeldt, Michael"]
[Black "Bondick, Karl-Heinz"]
[Result "1-0"]
[WhiteElo "1810"]
[BlackElo "1887"]
[PlyCount "37"]
[EventDate "2024.??.??"]
[WhiteTeam "SV Bad Schwartau von 1930"]
[BlackTeam "USC Magdeburg"]

1. d4 d5 2. Bf4 f5 3. e3 Nf6 4. Nf3 e6 5. Be2 Be7 6. O-O O-O 7. Nbd2 b6 8. c4
Bb7 9. Rc1 Ne4 10. cxd5 c5 11. dxc6 Nxc6 12. h3 Kh8 13. a3 Bf6 14. Bb5 Rc8 15.
Bd3 Ne7 16. Ne5 g5 17. Bh2 Qd5 18. Nxe4 fxe4 19. Bc4 1-0

[Event "32. Offene Senioren-LEM Sachsen-Anh. 65+"]
[Site "Magdeburg"]
[Date "2024.07.02"]
[Round "2.40"]
[White "Stummeyer, Dieter"]
[Black "Peter, Volkhard"]
[Result "1-0"]
[WhiteElo "1884"]
[BlackElo "1800"]
[PlyCount "113"]
[EventDate "2024.??.??"]
[WhiteTeam "SG Garbsen/Marienwerder"]
[BlackTeam "SV Einheit Schwerin"]

1. e4 e5 2. Nf3 Nf6 3. Nc3 Bb4 4. Bc4 O-O 5. d3 Nc6 6. Bg5 h6 7. Bh4 d6 8. O-O
Bg4 9. Nd5 g5 10. Nxb4 Nxb4 11. Bg3 Bxf3 12. gxf3 Qd7 13. Kg2 b5 14. Bb3 a5 15.
a3 Nc6 16. c3 Rab8 17. Qd2 Kg7 18. d4 Nh5 19. dxe5 Nxg3 20. fxg3 Nxe5 21. f4
gxf4 22. Qxf4 Qg4 23. Qf6+ Kh7 24. Bc2 Rbe8 25. Rae1 Re6 26. Qf2 Kg7 27. Qa7
Qg5 28. Rf4 Ng6 29. Rf2 h5 30. Ref1 d5 31. Qd4+ Qe5 32. Qxd5 c6 33. Qd7 Ne7 34.
Qd4 Ng6 35. Rf5 Qxd4 36. cxd4 h4 37. e5 c5 38. dxc5 hxg3 39. hxg3 Nxe5 40. Rg5+
Ng6 41. b4 axb4 42. axb4 Re2+ 43. Rf2 Rfe8 44. Bd3 Rxf2+ 45. Kxf2 Rb8 46. c6
Kf6 47. Rxb5 Rc8 48. Rb6 Ne5 49. Bb5 Ke7 50. Ba4 Kd6 51. b5 Ra8 52. Ra6 Rxa6
53. bxa6 Nxc6 54. Bxc6 Kxc6 55. Ke3 Kb6 56. Ke4 Kxa6 57. Ke5 1-0

[Event "32. Offene Senioren-LEM Sachsen-Anh. 65+"]
[Site "Magdeburg"]
[Date "2024.07.02"]
[Round "2.41"]
[White "Zimmer, Franz"]
[Black "Wolke, Reimund"]
[Result "0-1"]
[WhiteElo "1766"]
[BlackElo "1883"]
[PlyCount "94"]
[EventDate "2024.??.??"]
[WhiteTeam "SG Trier 1877"]
[BlackTeam "Hamburger SK von 1830"]

1. d4 Nf6 2. c4 g6 3. Nc3 d5 4. Nf3 Bg7 5. e3 O-O 6. cxd5 Nxd5 7. e4 Nxc3 8.
bxc3 c5 9. Bb2 cxd4 10. cxd4 Nc6 11. e5 Bf5 12. Bd3 Qa5+ 13. Kf1 Bxd3+ 14. Qxd3
Rfd8 15. Qe4 Rac8 16. g3 Qb4 17. Rb1 Qc4+ 18. Kg2 Qxa2 19. h4 Qd5 20. Qf4 f6
21. h5 fxe5 22. dxe5 Rf8 23. Qe3 Rf5 24. hxg6 hxg6 25. Rbd1 Qb5 26. Ba1 Rcf8
27. Nh4 Rxf2+ 28. Qxf2 Rxf2+ 29. Kxf2 Qc5+ 30. Kg2 Qc2+ 31. Kh3 g5 32. Ng2 Qf5+
33. Kh2 Bxe5 34. Bxe5 Nxe5 35. Ne3 Qf2+ 36. Ng2 Qe2 37. Rhf1 Qg4 38. Rd8+ Kg7
39. Re8 Qd7 40. Ref8 Qd4 41. Kh1 b5 42. R8f5 Kg6 43. Rf8 Qd5 44. R8f5 Qe6 45.
Rf8 Nc4 46. R8f2 Qh3+ 47. Kg1 Qxg3 0-1

[Event "32. Offene Senioren-LEM Sachsen-Anh. 65+"]
[Site "Magdeburg"]
[Date "2024.07.02"]
[Round "2.42"]
[White "Gagelmann, Andreas"]
[Black "Redeker, Frank"]
[Result "1-0"]
[WhiteElo "1883"]
[BlackElo "1789"]
[PlyCount "61"]
[EventDate "2024.??.??"]
[WhiteTeam "SV Freital"]
[BlackTeam "Schachfreunde Brand 1981"]

1. e4 d6 2. d4 g6 3. Bc4 Nf6 4. Nc3 Bg7 5. Nge2 c6 6. Nf4 Nxe4 7. Bxf7+ Kxf7 8.
Nxe4 e5 9. dxe5 Bxe5 10. h4 Re8 11. Ng5+ Kg8 12. Kf1 Bf5 13. g4 Bc8 14. Qf3 Qf6
15. Ne4 Qf7 16. h5 Rf8 17. hxg6 hxg6 18. Qh3 Qc4+ 19. Kg1 Qf7 20. Ng5 Qg7 21.
Nge6 Bxe6 22. Nxe6 Qf7 23. Nxf8 Kxf8 24. Bh6+ Ke8 25. Re1 Kd8 26. Bg5+ Kc7 27.
Qh7 Qxh7 28. Rxh7+ Kb6 29. Be3+ Ka6 30. f4 Bxb2 31. Rb1 1-0

[Event "32. Offene Senioren-LEM Sachsen-Anh. 65+"]
[Site "Magdeburg"]
[Date "2024.07.02"]
[Round "2.43"]
[White "Wulff, Rüdiger"]
[Black "Gehrmann, Dorit"]
[Result "0-1"]
[WhiteElo "1731"]
[BlackElo "1881"]
[PlyCount "123"]
[EventDate "2024.??.??"]
[WhiteTeam "Flechtinger Sportverein"]
[BlackTeam "SV Eutin von 1875"]

1. d4 d5 2. c4 c6 3. Nc3 Nf6 4. h3 Bf5 5. e3 e6 6. Nf3 h6 7. Bd3 Bxd3 8. Qxd3
dxc4 9. Qxc4 Nbd7 10. O-O Be7 11. b3 O-O 12. Bb2 Nb6 13. Qd3 Qc7 14. Rac1 Rad8
15. Ne5 Qxe5 16. dxe5 Rxd3 17. exf6 Bxf6 18. Ba1 Bxc3 19. Bxc3 Rfd8 20. Ba5
R8d5 21. Bxb6 axb6 22. Rc2 f5 23. Rfc1 Kf7 24. Kf1 e5 25. Ke1 b5 26. Rc3 Ke6
27. Rxd3 Rxd3 28. Ke2 e4 29. f3 Rd5 30. b4 g6 31. Rg1 Kf6 32. Rf1 exf3+ 33.
gxf3 Ke5 34. h4 Rd8 35. Rg1 Kf6 36. f4 Ra8 37. Ra1 Ra3 38. Kf3 g5 39. hxg5+
hxg5 40. fxg5+ Kxg5 41. Rg1+ Kf6 42. Rg2 Ke5 43. Rg8 Rxa2 44. Re8+ Kd6 45. Rf8
Ra1 46. Rf7 Rb1 47. Rxb7 Rxb4 48. Rb8 Rc4 49. Rf8 Ke6 50. Rh8 b4 51. Rh6+ Ke5
52. Rh8 c5 53. Re8+ Kd6 54. Rf8 Ke6 55. Rb8 Rc3 56. Kf4 b3 57. Kf3 c4 58. Ke2
Rc2+ 59. Kd1 Kd5 60. Re8 Rh2 61. Kc1 c3 62. Rc8 0-1

[Event "32. Offene Senioren-LEM Sachsen-Anh. 65+"]
[Site "Magdeburg"]
[Date "2024.07.02"]
[Round "2.44"]
[White "Kühne, Jürgen"]
[Black "Dehning-Busse, Karsten"]
[Result "1/2-1/2"]
[WhiteElo "1725"]
[BlackElo "1867"]
[PlyCount "52"]
[EventDate "2024.??.??"]
[WhiteTeam "SV Irxleben 1919"]
[BlackTeam "Bremer SG von 1877"]

1. d4 Nf6 2. c4 d6 3. Nf3 g6 4. Nc3 Bg7 5. e4 O-O 6. Be2 Nbd7 7. O-O e5 8. dxe5
dxe5 9. Bg5 h6 10. Bxf6 Bxf6 11. Qc2 c6 12. Rab1 a5 13. a3 Nc5 14. b4 Ne6 15.
Rfd1 Qc7 16. Qc1 Bg7 17. b5 Nd4 18. b6 Qe7 19. Nxd4 exd4 20. Na4 c5 21. f3 Bd7
22. Nb2 Bc6 23. Nd3 g5 24. Re1 Qd6 25. Bd1 Be5 26. g3 Kh8 1/2-1/2

[Event "32. Offene Senioren-LEM Sachsen-Anh. 65+"]
[Site "Magdeburg"]
[Date "2024.07.02"]
[Round "2.45"]
[White "Boldt, Heinrich"]
[Black "Bertram, Thomas"]
[Result "1/2-1/2"]
[WhiteElo "1866"]
[BlackElo "1725"]
[PlyCount "66"]
[EventDate "2024.??.??"]
[WhiteTeam "TSV Kareth-Lappersdorf"]
[BlackTeam "SV 1919 Grimma"]

1. d4 d5 2. Nf3 Nf6 3. Bf4 e6 4. e3 Be7 5. Nbd2 O-O 6. Bd3 Nc6 7. c3 h6 8. h3
Bd6 9. Ne5 Nd7 10. Ndf3 f6 11. Nxc6 bxc6 12. Bxd6 cxd6 13. e4 dxe4 14. Bxe4 Qb6
15. b3 f5 16. Bd3 Nf6 17. O-O Ne4 18. Rc1 Bb7 19. Re1 d5 20. Ne5 Rad8 21. f3
Nxc3 22. Qc2 Qxd4+ 23. Kh1 Ne4 24. fxe4 dxe4 25. Bxe4 fxe4 26. Nxc6 Bxc6 27.
Qxc6 Qd5 28. Qa6 Rf2 29. Qxa7 e3 30. Rg1 Qg5 31. Rce1 Rdd2 32. Qxe3 Qxe3 33.
Rxe3 Rxa2 1/2-1/2

[Event "32. Offene Senioren-LEM Sachsen-Anh. 65+"]
[Site "Magdeburg"]
[Date "2024.07.02"]
[Round "2.46"]
[White "Cordes, Lothar"]
[Black "Ogrisek, Gerd"]
[Result "1-0"]
[WhiteElo "1858"]
[BlackElo "1710"]
[PlyCount "58"]
[EventDate "2024.??.??"]
[WhiteTeam "SF Lilienthal von 1971"]
[BlackTeam "SV Rochade Magdeburg"]

1. d4 d5 2. c4 e6 3. Nc3 c5 4. cxd5 exd5 5. Nf3 Nc6 6. Bg5 Be7 7. Bxe7 Ngxe7 8.
e3 cxd4 9. Nxd4 Nxd4 10. Qxd4 O-O 11. Be2 Be6 12. O-O Nc6 13. Qf4 a6 14. Rfd1
Qa5 15. a3 Rac8 16. b4 Qc7 17. Nxd5 Bxd5 18. Qxc7 Rxc7 19. Rxd5 Ne7 20. Rd2
Rfc8 21. Rad1 Rc1 22. g3 Rxd1+ 23. Rxd1 Kf8 24. Rd7 Rb8 25. Bf3 Nc6 26. Bxc6
bxc6 27. Rc7 Rb6 28. Kg2 Ke8 29. Kf3 Kf8 1-0